000 01566cam a22004334a 4500
001 muse86575
003 MdBmJHUP
005 20210127151716.0
006 m o d
007 cr||||||||nn|n
008 760428s1977 ncu o 00 0 eng d
010 _z 76016058
020 _a9781469657059
020 _z0807880876
020 _z9781469657042
035 _a(OCoLC)1155225283
040 _aMdBmJHUP
_cMdBmJHUP
050 0 4 _aPT1522.F4
_bB4
082 0 _a831/.2
100 1 _aBekker, Hugo,
_d1925-
245 1 0 _aFriedrich von Hausen
_bInquiries Into His Poetry /
_cby Hugo Bekker.
264 1 _bUniversity of North Carolina Press,
264 3 _bProject MUSE,
300 _a1 online resource (x, 159 p.)
490 0 _aStudies in the Germanic languages and literatures ; no. 87
504 _aBibliography: p. 149-156.
506 0 _aOpen Access
_fUnrestricted online access
_2star
588 _aDescription based on print version record.
600 0 1 _aFriedrich,
_cvon Hausen,
_dapproximately 1150-1190
_xCriticism and interpretation.
655 7 _aElectronic books.
_2local
710 2 _aProject Muse.
_edistributor
830 0 _aUniversity of North Carolina studies in the Germanic languages and literatures ;
_vno. 87.
830 0 _aBook collections on Project MUSE.
856 4 0 _zFull text available:
_uhttps://muse.jhu.edu/book/75732/
999 _c26732
_d26732